Регионална библиотека "Любен Каравелов" - Русе

Той остави повече от десет реда (Запис номер 521364)

MARC детайли
000 -Лидер
Лидер 00985naa a2200253 a 4500
003 - Код на организацията, давaща контролен номер
Код на организацията, даваща контролен номер BLK
005 - Дата и час на последна редакция
Дата и час на последна редакция 20241106145014.0
007 - Фиксирано поле за физическо описани
Физическо описание ta
008 - Елементи от данни с фиксирана дължина
Елементи с фиксирана дължина 221104b bu |||||r|||| 00| | bu d
040 ## - Източник на каталожния запис
Код на библиотеката BLK
041 ## - Код за език
Език Български
Език за КДБФ Български
080 ## - УДК
УДК текст Българска литература(изследвания)
УДК код 821.163.2.09
УДК – код + определител 821.163.2.09
100 ## - Редна дума - Автор
R(LIN) 271051
Автор Чакъров, Михаил
245 ## - Сведения за заглавието
Заглавие Той остави повече от десет реда
Авторска отговорност Михаил Чакъров
300 ## - Физическа характеристика
Брой страници с. 4
520 ## - Забележка за наличие на резюме, анотация и т.н
Анотация, рецензия 100 години от рождението на поета, драматурга, критика Никола Боздуганов. Снимка
653 ## - Ключова дума – ненормативна
9 (RLIN) 193792
Ключови думи писатели
653 ## - Ключова дума – ненормативна
9 (RLIN) 191565
Ключови думи музиканти
653 ## - Ключова дума – ненормативна
9 (RLIN) 195878
Ключови думи русенци
773 ## - Описание на основна библиографска единица при аналитични записи (многотомни)
Заглавие на източника Утро, № 208, 30 окт. 2024
Информация за връзката . //
Контролен номер на записа 513804
856 ## - Електронен адрес и достъп
Инструкция (цена за достъп) 0.00
Права за достъп disable
942 ## - АРТИКУЛИ
Вид на библиотечния документ Статия
Скрит в OPAC Не
944 ## - СЪЗДАВАНЕ И РЕДАКЦИЯ на ЗАПИСА
Дата на регистрацията/редакция Валя Йорданова
Служител, извършил регистрацията/редакцията 30558
Номер на служител Валя Йорданова
Създаване/Редакция
999 ## - СИСТЕМНИ КОНТРОЛНИ НОМЕРА
Koha biblionumber 521364
Koha biblioitemnumber 521364

Няма налични копия.

Vip Innovations Ltd, Rousse, Bulgaria 2025